00210nam a2200085Ia 4500008004100000041000800041082001500049100001600064245004400080240625s9999 xx 000 0 und d aeng a808.20 HEN aHENDRICKSON aGUIDE TO THE ESSENTIALS WORLD RELIGIONS